LAPIZ/ (Record no. 3692)

MARC details
000 -LEADER
campo de control de longitud fija 01541nam a22004337a 4500
003 - IDENTIFICADOR DE NÚMERO DE CONTROL
campo de control OSt
005 - FECHA Y HORA DE LA ÚLTIMA TRANSACCIÓN
campo de control 20230524101329.0
008 - DATOS DE LONGITUD FIJA--INFORMACIÓN GENERAL
campo de control de longitud fija 221006b |||||||| |||| 00| 0 eng d
040 ## - FUENTE DE CATALOGACIÓN
Centro/agencia transcriptor Biblioteca Lado V
082 ## - NÚMERO DE LA CLASIFICACIÓN DECIMAL DEWEY
Número de clasificación 700
Número de ítem A786l
110 ## - ENTRADA PRINCIPAL--NOMBRE DE ENTIDAD CORPORATIVA
9 (RLIN) 830
Nombre de entidad corporativa o nombre de jurisdicción como elemento de entrada ARTEDER
Término indicativo de función/relación Editor
245 ## - MENCIÓN DEL TÍTULO
Título LAPIZ/
Resto del título Revista Mensual de Arte/
260 ## - PUBLICACIÓN, DISTRIBUCIÓN, ETC.
Nombre del editor, distribuidor, etc. Feria internacional de Bilbao
Fecha de publicación, distribución, etc. 1991
Lugar de publicación, distribución, etc. España
300 ## - DESCRIPCIÓN FÍSICA
Dimensiones 22x29cm
Extensión 94p.
366 ## - INFORMACIÓN SOBRE DISPONIBILIDAD COMERCIAL
Nota spa
490 ## - MENCIÓN DE SERIE
Mención de serie 77
Designación de volumen o secuencia IX
505 ## - NOTA DE CONTENIDO CON FORMATO
Nota de contenido con formato El apoteósico triunfo, final, del video-arte
505 ## - NOTA DE CONTENIDO CON FORMATO
Nota de contenido con formato Miedo?
505 ## - NOTA DE CONTENIDO CON FORMATO
Nota de contenido con formato Desierto de espejos donde los muertos dejan de existir
505 ## - NOTA DE CONTENIDO CON FORMATO
Nota de contenido con formato Entrevista con Francesc Torres
505 ## - NOTA DE CONTENIDO CON FORMATO
Nota de contenido con formato Nature Morte
505 ## - NOTA DE CONTENIDO CON FORMATO
Nota de contenido con formato La Casa Herida
505 ## - NOTA DE CONTENIDO CON FORMATO
Nota de contenido con formato Pequeñas ensayos de física recreativa
505 ## - NOTA DE CONTENIDO CON FORMATO
Nota de contenido con formato Arte y publicidad: esa extraña pareja
505 ## - NOTA DE CONTENIDO CON FORMATO
Nota de contenido con formato David Rabinowitch
505 ## - NOTA DE CONTENIDO CON FORMATO
Nota de contenido con formato Santiago Lagunas
505 ## - NOTA DE CONTENIDO CON FORMATO
Nota de contenido con formato Crónicas de exposiciones
505 ## - NOTA DE CONTENIDO CON FORMATO
Nota de contenido con formato Publicaciones
650 ## - PUNTO DE ACCESO ADICIONAL DE MATERIA--TÉRMINO DE MATERIA
Fuente del encabezamiento o término Tesauro de Arte & Arquitectura
Término de materia o nombre geográfico como elemento de entrada ARTE
9 (RLIN) 703
650 ## - PUNTO DE ACCESO ADICIONAL DE MATERIA--TÉRMINO DE MATERIA
Fuente del encabezamiento o término Tesauro de Arte & Arquitectura
Término de materia o nombre geográfico como elemento de entrada ARQUITECTURA
650 ## - PUNTO DE ACCESO ADICIONAL DE MATERIA--TÉRMINO DE MATERIA
Fuente del encabezamiento o término Tesauro de Arte & Arquitectura
Término de materia o nombre geográfico como elemento de entrada FOTOGRAFIA
9 (RLIN) 702
650 ## - PUNTO DE ACCESO ADICIONAL DE MATERIA--TÉRMINO DE MATERIA
Fuente del encabezamiento o término Tesauro de Arte & Arquitectura
Término de materia o nombre geográfico como elemento de entrada ENTREVISTAS
650 ## - PUNTO DE ACCESO ADICIONAL DE MATERIA--TÉRMINO DE MATERIA
Fuente del encabezamiento o término Tesauro de Arte & Arquitectura
Término de materia o nombre geográfico como elemento de entrada ARQUEOLOGIA
650 ## - PUNTO DE ACCESO ADICIONAL DE MATERIA--TÉRMINO DE MATERIA
Fuente del encabezamiento o término Tesauro de Arte & Arquitectura
Término de materia o nombre geográfico como elemento de entrada REPORTAJES
650 ## - PUNTO DE ACCESO ADICIONAL DE MATERIA--TÉRMINO DE MATERIA
Fuente del encabezamiento o término Tesauro de Arte & Arquitectura
Término de materia o nombre geográfico como elemento de entrada LIBROS
650 ## - PUNTO DE ACCESO ADICIONAL DE MATERIA--TÉRMINO DE MATERIA
Fuente del encabezamiento o término Tesauro de Arte & Arquitectura
Término de materia o nombre geográfico como elemento de entrada NOTICIAS
651 ## - PUNTO DE ACCESO ADICIONAL DE MATERIA--NOMBRE GEOGRÁFICO
Fuente del encabezamiento o término Tesauro de Arte & Arquitectura
Nombre geográfico SUBASTAS
942 ## - ELEMENTOS DE ENTRADA SECUNDARIOS (KOHA)
Fuente del sistema de clasificación o colocación Clasificación Decimal Dewey
Tipo de ítem Koha Libros
Parte de la signatura que corresponde a la clasificación (Parte de la clasificación) 700
Parte de la signatura que identifica el ejemplar (Parte del ítem) A786l
Suprimir en OPAC No
Holdings
Estatus retirado Estado de pérdida Fuente del sistema de clasificación o colocación Especificación de materiales (volumen encuadernado u otra parte) Estado de daño No para préstamo Colección Biblioteca de origen Biblioteca actual Fecha de adquisición Enumeración/cronología de publicación seriada Número de inventario Total de préstamos Signatura topográfica completa Código de barras Visto por última vez Precio de reemplazo Tipo de ítem Koha
    Clasificación Decimal Dewey IX     Revistas Biblioteca LadoV Biblioteca LadoV 24/05/2023 77 003650   700 A786l 003650 24/05/2023 24/05/2023 Libros